{"text_format":"3","workbook":"xlsx","n_sheets":1,"sheets":["Sheet1"],"not_rendered":{"images":10},"read":"whole","date_system":"1900"}

{"sheet":"Sheet1","index":0,"n_rows":14,"n_cols":10,"rows_kept":14,"merged":[[0,0,0,9],[12,0,12,5],[13,0,13,9]]}
["采购清单明细"]
["序号","图片","名称","规格（mm）","颜色","数量","单位","单价","总价","参数"]
[1,null,"办公桌","1400W×700D×750H","新橡",3,"张",680,{"$f":"F3*H3","v":2040},"1、基材实木颗粒板 符合或优于：含水率，甲醛释放量，总挥发性有机化合物(TVOC)，抗细菌性能，耐霉菌性，燃烧性能符合国家检测/检验标准。\n2、表面三聚氰胺浸渍纸 符合或优于：甲醛释放量，挥发性有机化合物，pH值，渗透性，耐热性，耐光色牢度，外观质量要求，破损、污染、异物、死褶、尘埃点、色差、毛边、皱纹、硬质快、掉毛、掉粉、缺边、裂口、孔洞、卷芯变形、端面平整度、收卷松紧度等检测结果均为国家检测/检验标准。\n3、边缘PVC封边条 符合或优于：耐开裂性(耐龟裂性），耐老化性，有害物质限量，甲醛释放量，符合国家检测/检验标准。\n4、MDI胶粘剂符合或优于：游离甲醛，VOC含量限量符合国家检测/检验标准。\n5、阻尼铰链 符合或优于：耐久性试验，乙酸盐雾试验(ASS)，铜加速乙酸盐雾试验(CASS)，符合国家检测/检验标准。\n6、▲阻尼滑轨 符合或优于：耐久性试验，乙酸盐雾试验(ASS)，铜加速乙酸盐雾试验(CASS)，符合国家检测/检验标准。投标报价时提供第三方具有CMA和CNAS资质的检测检验机构出具的至少满足上述要求的“阻尼铰链”检测报告。\n7、密码锁 符合或优于：中性盐雾试验(NSS)，铜加速乙酸盐雾试验(CASS)，符合国家检测/检验标准。\n8、三合一连接件符合或优于：耐腐蚀等级（中性盐雾试验（NSS））符合国家检测/检验标准。"]
[2,null,"办公椅","厂标","黑皮+胡桃色",3,"把",220,{"$f":"F4*H4","v":660},"1、表面皮革 符合或优于：摩擦色牢度，耐磨性，撕裂负荷符合国家检测/检验标准。\n2、内部海绵 符合或优于：回弹率，压陷硬度,拉伸强度，阻燃性，甲醛释放量，TVOC符合国家检测/检验标准。\n3、外架实木 符合或优于：木材含水率符合国家检测/检验标准。\n4、外架表面▲油漆 符合或优于：有害物质限量，VOC含量，甲醛含量符合国家检测/检验标准。投标报价时提供第三方具有CMA和CNAS资质的检测检验机构出具的至少满足上述要求的“油漆”检测报告。"]
[3,null,"电脑桌","1200W×600D×750H","新橡",2,"张",550,1100,"1、基材实木颗粒板 符合或优于：含水率，甲醛释放量，总挥发性有机化合物(TVOC)，抗细菌性能，耐霉菌性，燃烧性能符合国家检测/检验标准。\n2、表面三聚氰胺浸渍纸 符合或优于：甲醛释放量，挥发性有机化合物，pH值，渗透性，耐热性，耐光色牢度，外观质量要求，破损、污染、异物、死褶、尘埃点、色差、毛边、皱纹、硬质快、掉毛、掉粉、缺边、裂口、孔洞、卷芯变形、端面平整度、收卷松紧度等检测结果均为国家检测/检验标准。\n3、边缘PVC封边条 符合或优于：耐开裂性(耐龟裂性），耐老化性，有害物质限量，甲醛释放量，符合国家检测/检验标准。\n4、MDI胶粘剂符合或优于：游离甲醛，VOC含量限量符合国家检测/检验标准。\n5、阻尼铰链 符合或优于：耐久性试验，乙酸盐雾试验(ASS)，铜加速乙酸盐雾试验(CASS)，符合国家检测/检验标准。\n6、阻尼滑轨 符合或优于：耐久性试验，乙酸盐雾试验(ASS)，铜加速乙酸盐雾试验(CASS)，符合国家检测/检验标准。\n7、▲密码锁 符合或优于：中性盐雾试验(NSS)，铜加速乙酸盐雾试验(CASS)，符合国家检测/检验标准。投标报价时提供第三方具有CMA和CNAS资质的检测检验机构出具的至少满足上述要求的“密码锁”检测报告。\n8、三合一连接件符合或优于：耐腐蚀等级（中性盐雾试验（NSS））符合国家检测/检验标准。"]
[4,null,"文件柜","850W×390D×1800H","灰色",2,"个",650,1300,"1、基材厚度≥0.6mm冷轧钢板 符合或优于：金属件喷涂层无漏喷、锈蚀和脱色、掉色现象，涂层光滑均匀、色泽一致，无流挂、疙瘩、皱皮、飞漆等缺陷；中性盐雾试验(NSS)，，铜加速乙酸盐雾试验(CASS)，符合国家检测/检验标准。\n2、锁具 符合或优于：牢固度，中性盐雾试验(NSS)，铜加速乙酸盐雾试验(CASS)，符合国家检测/检验标准。\n3、表面静电粉末 符合或优于：重金属含量（限色漆）：可溶性铅、镉、铬、汞符合国家检测/检验标准。"]
[5,null,"储物柜","850W×390D×1800H","灰色",3,"个",760,2280,"1、基材厚度≥0.6mm冷轧钢板 符合或优于：金属件喷涂层无漏喷、锈蚀和脱色、掉色现象，涂层光滑均匀、色泽一致，无流挂、疙瘩、皱皮、飞漆等缺陷；中性盐雾试验(NSS)，，铜加速乙酸盐雾试验(CASS)，符合国家检测/检验标准。\n2、锁具 符合或优于：牢固度，中性盐雾试验(NSS)，铜加速乙酸盐雾试验(CASS)，符合国家检测/检验标准。\n3、表面静电粉末 符合或优于：重金属含量（限色漆）：可溶性铅、镉、铬、汞符合国家检测/检验标准。"]
[6,null,"移动条桌","1200W×400D×750H","半动木胡桃色",20,"张",659,13180,"1、基材▲实木颗粒板 符合或优于：含水率，甲醛释放量，总挥发性有机化合物(TVOC)，抗细菌性能，耐霉菌性，燃烧性能符合国家检测/检验标准。投标报价时提供第三方具有CMA和CNAS资质的检测检验机构出具的至少满足上述要求的“实木颗粒板”检测报告。\n2、表面三聚氰胺浸渍纸 符合或优于：甲醛释放量，挥发性有机化合物，pH值，渗透性，耐热性，耐光色牢度，外观质量要求，破损、污染、异物、死褶、尘埃点、色差、毛边、皱纹、硬质快、掉毛、掉粉、缺边、裂口、孔洞、卷芯变形、端面平整度、收卷松紧度等检测结果均为国家检测/检验标准。\n3、边缘PVC封边条 符合或优于：耐开裂性(耐龟裂性），耐老化性，有害物质限量，甲醛释放量，符合国家检测/检验标准。\n4、▲MDI胶粘剂符合或优于：游离甲醛，VOC含量限量符合国家检测/检验标准。投标报价时提供第三方具有CMA和CNAS资质的检测检验机构出具的至少满足上述要求的“MDI胶粘剂”检测报告。\n5、支撑架钢管 符合或优于：中性盐雾试验(NSS)，铜加速乙酸盐雾试验(CASS)，符合国家检测/检验标准。\n6、滑轮 符合或优于：脚轮的轮面光洁，无裂纹、伤痕、毛边等缺陷，金属件的表面光滑平整，无锈蚀、毛刺刃口、露底等缺陷符合国家检测/检验标准。"]
[7,null,"网椅","厂标","灰色",40,"把",225,9000,"1、表面网布 符合或优于：甲醛含量，染色牢度，可分解致癌芳香胺染料，有害物质限制要求，阻燃性能符合国家检测/检验标准。\n2、内部海绵 符合或优于：回弹率，压陷硬度,拉伸强度，阻燃性，甲醛释放量，TVOC符合国家检测/检验标准。\n3、支撑架钢管 符合或优于：中性盐雾试验(NSS)，铜加速乙酸盐雾试验(CASS)，符合国家检测/检验标准。"]
[8,null,"演讲桌","850W×600D×1200H","半动木胡桃色",1,"个",980,980,"1、基材实木颗粒板 符合或优于：含水率，甲醛释放量，总挥发性有机化合物(TVOC)，抗细菌性能，耐霉菌性，燃烧性能符合国家检测/检验标准。\n2、表面三聚氰胺浸渍纸 符合或优于：甲醛释放量，挥发性有机化合物，pH值，渗透性，耐热性，耐光色牢度，外观质量要求，破损、污染、异物、死褶、尘埃点、色差、毛边、皱纹、硬质快、掉毛、掉粉、缺边、裂口、孔洞、卷芯变形、端面平整度、收卷松紧度等检测结果均为国家检测/检验标准。\n3、边缘PVC封边条 符合或优于：耐开裂性(耐龟裂性），耐老化性，有害物质限量，甲醛释放量，符合国家检测/检验标准。\n4、MDI胶粘剂符合或优于：游离甲醛，VOC含量限量符合国家检测/检验标准。\n5、三合一连接件符合或优于：耐腐蚀等级（中性盐雾试验（NSS））符合国家检测/检验标准。"]
[9,null,"货物架","2000W×600D×2000H","蓝色",3,"个",790,2370,"1、基材厚度≥1.0mm冷轧钢板 符合或优于：金属件喷涂层无漏喷、锈蚀和脱色、掉色现象，涂层光滑均匀、色泽一致，无流挂、疙瘩、皱皮、飞漆等缺陷；中性盐雾试验(NSS)，，铜加速乙酸盐雾试验(CASS)，符合国家检测/检验标准。\n2、表面静电粉末 符合或优于：重金属含量（限色漆）：可溶性铅、镉、铬、汞符合国家检测/检验标准。"]
[10,null,"操作台","2000W×600D×800H","黑色+灰色",4,"个",2480,9920,"1、基材实木颗粒板 符合或优于：含水率，甲醛释放量，总挥发性有机化合物(TVOC)，抗细菌性能，耐霉菌性，燃烧性能符合国家检测/检验标准。\n2、表面三聚氰胺浸渍纸 符合或优于：甲醛释放量，挥发性有机化合物，pH值，渗透性，耐热性，耐光色牢度，外观质量要求，破损、污染、异物、死褶、尘埃点、色差、毛边、皱纹、硬质快、掉毛、掉粉、缺边、裂口、孔洞、卷芯变形、端面平整度、收卷松紧度等检测结果均为国家检测/检验标准。\n3、边缘PVC封边条 符合或优于：耐开裂性(耐龟裂性），耐老化性，有害物质限量，甲醛释放量，符合国家检测/检验标准。\n4、MDI胶粘剂符合或优于：游离甲醛，VOC含量限量符合国家检测/检验标准。\n5、阻尼铰链 符合或优于：耐久性试验，乙酸盐雾试验(ASS)，铜加速乙酸盐雾试验(CASS)，符合国家检测/检验标准。\n6、三合一连接件符合或优于：耐腐蚀等级（中性盐雾试验（NSS））符合国家检测/检验标准。"]
[{"$nulls":8},{"$f":"SUM(I3:I12)","v":42830}]
["备注：投标报价时，投标人需提供并满足“参数或技术标准”带▲重要技术参数的原材料检测报告，提供不全或不满足参数，视为无效投标。检测检验报告需提供国家市场监管总局全国认证认可信息公共服务平台查询截图。原件备查！"]